| 000 | 00680cam a22002171i 4500 | ||
|---|---|---|---|
| 001 | BD-DhSAU 5384 | ||
| 003 | BD-DhSAU | ||
| 005 | 20150415141219.0 | ||
| 008 | 790518s1951 nyu 001 0 eng | ||
| 040 | _aBD-DhSAU | ||
| 082 |
_222 _a360 _bARS |
||
| 100 | 1 | _aArrow, Kenneth Joseph | |
| 245 | 1 | 0 |
_aSocial choice and individual values / _cJoseph Kenneth Arrow. |
| 260 |
_aNew York : _bWiley ; _aLondon : _bChapman & Hall , _c1951. |
||
| 300 |
_axi, 99 p.: _c23 cm. |
||
| 410 | 2 | 0 |
_aYale University. _bCowles Foundation for Research in Economics. _t Monograph ; _v12 |
| 504 | _aIncludes bibliography and index | ||
| 590 | _aIMRAN | ||
| 650 | 0 | _aLiberty. | |
| 650 | 0 | _aSocial values. | |
| 942 |
_2ddc _cBOOK |
||
| 999 |
_c5384 _d5384 |
||